The art of scandal : (رقم التسجيلة. 19494)

تفاصيل مارك
000 -الفاتح
حقل البيانات ثابتة الطول 01863aam a2200409 a 4500
001 - رقم الضبط
رقم الضبط 014932444
003 - محدد رقم الضبط
رقم الضبط OSt
005 - وقت وتاريخ اخر تعامل مع التسجيلة
رقم الضبط 20150408113956.0
008 - عناصر البيانات ثابتة الطول - معلومات عامة
حقل البيانات ثابتة الطول 111210s2009 enka b 001 0 eng
010 ## - رقم ضبط مكتبة الكونجرس
رقم ضبط مكتبة الكونجرس 2008033717
015 ## - رقم الببليوجرافية الوطنية
رقم الببليوجرافية الوطنية GBA928261
المصدر bnb
020 ## - الرقم الدولى المعيارى للكتب
الرقم الدولى المعيارى للكتاب 0195379993 (hbk.) :
شروط الاتاحة £23.99
020 ## - الرقم الدولى المعيارى للكتب
الرقم الدولى المعيارى للكتاب 9780195379990 (hbk.) :
شروط الاتاحة £23.99
040 ## - مصدر الفهرسة
وكالة الفهرسة الأصلية StDuBDS
لغة الفهرسة eng
وكالة النسخ MU
042 ## - رمز التحقق
رمز التحقق ukblsr
043 ## - رمز المنطقة الجغرافية
رمز المنطقة الجغرافية e-uk---
082 00 - رقم تصنيف ديوى العشرى
رقم التصنيف 820.9112 L S A
رقم الطبعة 22
100 1# - المدخل الرئيسى - إسم شخصى
الإسم الشخصى Latham, Sean,
التواريخ المصاحبة للاسم 1971-
9 (RLIN) 7536
245 14 - بيان العنوان
العنوان The art of scandal :
بقية العنوان modernism, libel law, and the roman à clef /
بيان المسئوليه,etc Sean Latham.
260 ## - PUBLICATION, DISTRIBUTION, ETC. (IMPRINT)
مكان الناشر او الموزع Oxford ;
-- New York :
اسم الناشر او الموزع Oxford University Press,
تاريخ النشر أو التوزيع 2009.
300 ## - الوصف المادى
التعداد xiii, 202 p. :
تفاصيل ماديه اخرى للوعاء ill. ;
أبعاد الوعاء 24 cm.
490 1# - بيان السلسلة
عنوان السلسلة Modernist literature & culture
500 ## - تبصرة عامة
تبصرة عامة Formerly CIP.
الهيئة التي ينطبق عليها الحقل Uk
504 ## - تبصرة ببليوجرافية
تبصرة ببليوجرافية,الخ Includes bibliographical references (p. 167-195) and index.
505 0# - تبصرة محتويات-الفهرس
تبصرة المحتويات المصاغة Introduction: fact, fiction, and pleasure -- True fictions and false histories: the secret rise of the roman à clef -- Open secrets and hidden truths: Wilde and Freud -- Libel: policing the laws of fiction -- The novel at the bar: Joyce, Lewis, and libel -- The coterie as commodity: Huxley, Lawrence, Rhys, and the business of revenge.
650 #0 - المدخل الاضافى بالموضوع-مصطلح موضوعى
مصطلح موضوعي أو اسم جغرافي كعنصر مدخل Law and literature
التقسيم الفرعي الجغرافي Great Britain
التقسيم الفرعي العام History
التقسيم الفرعي الزمني 20th century.
9 (RLIN) 7537
650 #0 - المدخل الاضافى بالموضوع-مصطلح موضوعى
مصطلح موضوعي أو اسم جغرافي كعنصر مدخل Romans à clef
التقسيم الفرعي الجغرافي Great Britain
التقسيم الفرعي العام History and criticism.
9 (RLIN) 7538
650 #0 - المدخل الاضافى بالموضوع-مصطلح موضوعى
مصطلح موضوعي أو اسم جغرافي كعنصر مدخل English fiction
التقسيم الفرعي الزمني 20th century
التقسيم الفرعي العام History and criticism.
9 (RLIN) 7539
650 #0 - المدخل الاضافى بالموضوع-مصطلح موضوعى
مصطلح موضوعي أو اسم جغرافي كعنصر مدخل Modernism (Literature)
التقسيم الفرعي الجغرافي Great Britain.
9 (RLIN) 7540
650 #0 - المدخل الاضافى بالموضوع-مصطلح موضوعى
مصطلح موضوعي أو اسم جغرافي كعنصر مدخل Scandals in literature.
9 (RLIN) 7541
650 #0 - المدخل الاضافى بالموضوع-مصطلح موضوعى
مصطلح موضوعي أو اسم جغرافي كعنصر مدخل Libel and slander in literature.
9 (RLIN) 7542
650 #0 - المدخل الاضافى بالموضوع-مصطلح موضوعى
مصطلح موضوعي أو اسم جغرافي كعنصر مدخل Truthfulness and falsehood in literature.
9 (RLIN) 7543
830 #0 - المدخل الاضافى بالسلسلة -عنوان موحد
عنوان موحد Modernist literature & culture.
9 (RLIN) 7544
942 ## - عناصر المدخل الإضافي( كوها)
مصدر التصنيف او مخطط الترفيف Dewey Decimal Classification
Koha [default] item type DVD
المقتنيات
حالة الفقد نموذج السعر الفعال حالة تلف ليس للاعارة رقم الطلب رقم النسخة تاريخ الاكتساب الموقع الحالي الباركود الفرع الرئيسي Date last seen نوع المادة فى نظام كوها مصدر التصنيف او خطة الترفيف Total Checkouts
  2013-03-10     820.9112 L S A n 1 2011-12-10 قسم الاجراءات الفنية (IC) 00100979 قسم الاجراءات الفنية (IC) 2013-03-10 كتاب Dewey Decimal Classification  
  2013-03-10     820.9112 L S A n 2 2011-12-10 قسم الاجراءات الفنية (IC) 00100980 قسم الاجراءات الفنية (IC) 2013-03-10 كتاب Dewey Decimal Classification